000
00266nam a22001217a 4500
008
170302b xxu||||| |||| 00| 0 eng d
041
_a
eng
080
_a
616.073
100
_a
6
101
_a
SHM
245
_a
FUNDAMENTAL ROENTGENOLOGY
_c
SQUIRE.L.F
942
_2
udc
_c
BK
999
_c
6636
_d
6636